GOUVERNEURS DE LA ROSSE

Guardat en:
Dades bibliogràfiques
Autor principal: Roumain, Jacques (autor)
Format: Llibre
Etiquetes: Afegir etiqueta
Sense etiquetes, Sigues el primer a etiquetar aquest registre!

MARC

LEADER 00000nam^a2200000^a^4500
001 000211919
005 20250521000000.0
009 20260310103437.363
035 |a 010173 
037 |a Acervo Xavier Clavigero 
082 |a 845.  |b ROU 
100 |a Roumain, Jacques  |e (autor) 
245 1 0 |a GOUVERNEURS DE LA ROSSE 
264 |a HAITI :  |b PORT-AU-PRINCE,  |c 1944 
336 |a texto  |b txt  |2 rdacontenido 
337 |a sin mediación  |b n  |2 rdamedio 
338 |a volumen  |b nc  |2 rdasoporte 
649 |a XX 
910 |a Fondo General 
920 |a Impresos - Libros 
930 |a Colección General 
940 |a Literatura 
905 |a 101 
901 |a 010173  |b IT1  |c LIT  |i 010173  |u 20250521 
902 |a https://opac.biblio.iteso.mx/vufind/Record/000211919